000 01062cam a2200301 a 4500
005 20170928131439.0
008 010216s2000 sp a jr 00010 spa d
020 _a8434871645
040 _aCo-BoIAvH
_cCo-BoIAvH
041 0 _aspa
044 _asp
082 0 4 _aI590
090 _aI-SM-
_b02
100 1 _aMedina, Juan Ignacio.
_eautor
245 1 0 _aMe encantan los animales /
_cJuan Ignacio Medina, Félix Moreno
250 _aPrimera edición
260 _aMadrid :
_bEdiciones S.M.,
_c2000.
300 _a94 páginas. :
_bilustraciomes. ;
_c20 centímetros.
490 _aSerie Azul
500 _aSerie Azul - apta para niños no antes de los 7 años
505 0 _aLas aventuras del lobito cape Ruiz / Texto de Gracia Frick ; ilustraciones de Teresa Novoa.
650 1 4 _aAnimales
_x Literatura infantil.
650 1 4 _aAnimales
_xactividades lúdicas
700 1 _aMoreno, Félix.
_eautor
700 1 _aNovoa, Teresa,
_eilustradora
740 4 2 _aLas aventuras del lobito cape Ruiz.
942 _2z
_cLIBRO
999 _c19905
_d19905